000 01032nam a2200253 a 4500
001 80306
003 BD-RjUL
005 20220905161756.0
008 220905s2018 bg a|||| m||| 00| 0 eng d
035 _a(BD-RjUL)80306
040 _aBD-RjUL
_beng
_cBD-RjUL
_dBD-RjUL
041 _aeng
082 _223
_a301.95492
_bRAS 2018
100 _aRahman, Md. Habibur
_94647
245 0 1 _aSociety, Culture and Education :
_bA Study of Bangla and English Folktales /
_cMd. Habibur Rahman ;
_6Supervisor : A F M Maswood Akhter, Co-Superviso : Md. Abul Hasan Chowdhury
260 _aRajshahi ;
_bInstitute of Education and Research, University of Rajshahi,
_c2018
300 _avii, 310 Leaves :
_bill, ;
_c29 cm.
502 _aThesis (Ph. D.) -- Institute of Education and Research, University of Rajshahi, 2018
504 _aBibliography : Leaves 285-299
650 _aSociety
_vCulture
_zBavgladesh
_94648
700 _aAkhter, A F M Maswood, Supervisor
_94649
700 _aChowdhury, Md. Abul Hasan, Co-Superviso
_94650
942 _2ddc
_cTHE
999 _c80306
_d80306